| 000 | 00519nam a2200253Ia 4500 | ||
|---|---|---|---|
| 001 | 068512 | ||
| 003 | YMCAF | ||
| 005 | 20230512160527.0 | ||
| 008 | 100717s1984 ||||||||||||||||| ||und|d | ||
| 020 | _a- | ||
| 024 | _a68512 | ||
| 035 | _a7975 | ||
| 040 |
_aYMCAF _beng _cIN-KoLT |
||
| 041 | _aeng | ||
| 082 |
_a621.381 _b53 ROS |
||
| 100 | _aROSSHART, WALTER C | ||
| 245 | 0 | _aPRINTED CIRCUIT BOARDS | |
| 250 | _a- | ||
| 260 |
_bTMH _c1984 |
||
| 300 | _a467 | ||
| 653 | _a- | ||
| 653 | _a- | ||
| 942 |
_2ddc _cBK |
||
| 999 |
_c5088 _d5088 |
||